<?xml version="1.0" encoding="UTF-8"?>
<collection xmlns="http://www.loc.gov/MARC21/slim">
 <record>
  <leader>02788nam a2200301 a 4500</leader>
  <controlfield tag="001">1/45388</controlfield>
  <controlfield tag="008">140827s2004    us            001 0 eng  </controlfield>
  <datafield tag="020" ind1=" " ind2=" ">
   <subfield code="a">9781558609242</subfield>
  </datafield>
  <datafield tag="020" ind1=" " ind2=" ">
   <subfield code="a">1558609245</subfield>
  </datafield>
  <datafield tag="035" ind1=" " ind2=" ">
   <subfield code="l">48348</subfield>
  </datafield>
  <datafield tag="040" ind1=" " ind2=" ">
   <subfield code="a">OPELS</subfield>
   <subfield code="b">eng</subfield>
   <subfield code="c">OPELS</subfield>
   <subfield code="d">OCLCQ</subfield>
   <subfield code="d">GR-PeUP</subfield>
  </datafield>
  <datafield tag="100" ind1="1" ind2=" ">
   <subfield code="a">Lesk, Michael.</subfield>
  </datafield>
  <datafield tag="245" ind1="1" ind2="0">
   <subfield code="a">Understanding digital libraries</subfield>
   <subfield code="h">[electronic resource] /</subfield>
   <subfield code="c">Michael Lesk.</subfield>
  </datafield>
  <datafield tag="250" ind1=" " ind2=" ">
   <subfield code="a">2nd ed.</subfield>
  </datafield>
  <datafield tag="260" ind1=" " ind2=" ">
   <subfield code="a">Boston :</subfield>
   <subfield code="b">Elsevier,</subfield>
   <subfield code="c">2004.</subfield>
  </datafield>
  <datafield tag="300" ind1=" " ind2=" ">
   <subfield code="a">1 online resource (xxxi, 424 p.) :</subfield>
   <subfield code="b">ill., maps.</subfield>
  </datafield>
  <datafield tag="520" ind1=" " ind2=" ">
   <subfield code="a">This fully revised and updated second edition of Understanding Digital Libraries focuses on the challenges faced by both librarians and computer scientists in a field that has been dramatically altered by the growth of the Web. At every turn, the goal is practical: to show you how things you might need to do are already being done, or how they can be done. The first part of the book is devoted to technology and examines issues such as varying media requirements, indexing and classification, networks and distribution, and presentation. The second part of the book is concerned with the human contexts in which digital libraries function. Here youll find specific and useful information on usability, preservation, scientific applications, and thorny legal and economic questions. Useful for digital library projects in all kinds of settings, including commercial and community ventures, museums, research institutions, and schools. Covers the entire spectrum of media, including text, all kinds of images, audio, and video. Provides practical advice on achieving the best of what is possible while avoiding common pitfalls. Filled with case studies and references to valuable outside resources.</subfield>
  </datafield>
  <datafield tag="505" ind1="0" ind2=" ">
   <subfield code="a">Chapter 1 Evolution of Libraries Chapter 2 Text documents Chapter 3 Images of pages Chapter 4 Multimedia storage and access Chapter 5 Knowledge representation schemes Chapter 6 Distribution Chapter 7 Usability and Retrieval Evaluation Chapter 8 Collections and Preservation Chapter 9 Economics Chapter 10 Intellectual property rights Chapter 11 International Activities Chapter 12 Future: ubiquity, diversity, creativity, public policy.</subfield>
  </datafield>
  <datafield tag="500" ind1=" " ind2=" ">
   <subfield code="a">&quot;Practical digital libraries, 2nd edition.&quot;</subfield>
  </datafield>
  <datafield tag="504" ind1=" " ind2=" ">
   <subfield code="a">Includes bibliographical references (p. 387-411) and index.</subfield>
  </datafield>
  <datafield tag="650" ind1=" " ind2="4">
   <subfield code="a">Libraries</subfield>
   <subfield code="z">United States</subfield>
   <subfield code="x">Special collections</subfield>
   <subfield code="x">Computer files.</subfield>
  </datafield>
  <datafield tag="650" ind1=" " ind2="4">
   <subfield code="a">Digital Libraries</subfield>
   <subfield code="z">United States.</subfield>
  </datafield>
  <datafield tag="655" ind1=" " ind2="4">
   <subfield code="a">Electronic books.</subfield>
  </datafield>
  <datafield tag="700" ind1="1" ind2=" ">
   <subfield code="a">Lesk, Michael.</subfield>
   <subfield code="t">Practical digital libraries.</subfield>
  </datafield>
  <datafield tag="852" ind1=" " ind2=" ">
   <subfield code="a">INST</subfield>
   <subfield code="b">UNIPILB</subfield>
   <subfield code="c">EBOOKS</subfield>
   <subfield code="e">20140827</subfield>
   <subfield code="p">00b48348</subfield>
   <subfield code="q">00b48348</subfield>
   <subfield code="t">ONLINE</subfield>
   <subfield code="y">0</subfield>
  </datafield>
  <datafield tag="856" ind1="4" ind2="0">
   <subfield code="3">ScienceDirect</subfield>
   <subfield code="u">http://www.sciencedirect.com/science/book/9781558609242</subfield>
  </datafield>
  <datafield tag="856" ind1="4" ind2=" ">
   <subfield code="d">/webopac/covers/03/48348_9781558609242.jpg</subfield>
  </datafield>
  <datafield tag="856" ind1="4" ind2=" ">
   <subfield code="d">/webopac/covers/03/48348_1558609245.jpg</subfield>
  </datafield>
 </record>
</collection>
